Statistieken voor Noem de 20 grootste voetbalderby's - wereldwijd

Klik hier om de quiz te nemen!

Algemene statistieken

  • Deze quiz is 84 keer genomen
    (79 sinds de laatste reset)
  • De gemiddelde score is 3 van 20

Antwoordstatistieken

HintAntwoord% Correct
Ajax - Feyenoord
64%
Eerste derbyBarcelona - Real Madrid
61%
Manchester City - Manchester United
30%
Arsenal - Tottenham
25%
Boca Juniors - River Plate
25%
Celtic - Rangers
23%
Everton - Liverpool
22%
Atlético Madrid - Real Madrid
13%
Bayern München - Borussia Dortmund
13%
Manchester United - Liverpool
12%
Fenerbahçe - Galatasaray
9%
Marseille - PSG
6%
Benfica - Porto
4%
Lazio - Roma
4%
Anderlecht - Standard
3%
Milan - Inter Milan
1%
Corinthians - Palmeiras
0%
Millwall - West Ham United
0%
Olympiakos - Panathinaikos
0%
Partizan - Rode Ster
0%

Scoreverdeling

Percentiel versus Aantal Correcte Antwoorden

Procent van Mensen met Elke Score

Uw Scoregeschiedenis

U heeft deze quiz nog niet genomen sinds de laatste reset